Т. 47, № 2; Сибирский математический журнал

Xehetasun bibliografikoak
Parent link:Сибирский математический журнал: научный журнал/ Российская академия наук (РАН), Сибирское отделение (СО), Институт математики им. С. Л. Соболева (ИМ). Т. 47, № 2.— , 1964-.— 0037-4474
Hizkuntza:errusiera
Argitaratua: 2006
Formatua: MixedMaterials Liburua
KOHA link:https://koha.lib.tpu.ru/cgi-bin/koha/opac-detail.pl?biblionumber=400831

MARC

LEADER 00000nam2a2200000 4500
001 400831
005 20231101065439.0
035 |a (RuTPU)RU\TPU\prd\43557 
090 |a 400831 
100 |a 20060522a19649999k y0rusy50 ca 
101 0 |a rus 
102 |a RU 
200 0 |a Т. 47, № 2 
210 |d 2006 
461 1 |0 (RuTPU)RU\TPU\prd\1755  |x 0037-4474  |t Сибирский математический журнал  |o научный журнал  |f Российская академия наук (РАН), Сибирское отделение (СО), Институт математики им. С. Л. Соболева (ИМ)  |v Т. 47, № 2  |d 1964- 
801 0 |a RU  |b 63413507  |c 20010227  |g PSBO 
801 1 |a RU  |b 63413507  |c 20060522  |g PSBO 
801 2 |a RU  |b 63413507  |c 20131210  |g RCR 
942 |c BK 
999 |a НТБ_ТПУ  |b НФ  |e -1/20060110  |p П-7186  |s 11/20051014  |u 0,00  |v 1